Silico sapiens

Gorde:
Xehetasun bibliografikoak
Egile nagusia: Deken, Joseph
Formatua: Liburua
Hizkuntza:Undetermined
Argitaratua: New York Bantam Books 1986
Gaiak:
Etiketak: Etiketa erantsi
Etiketarik gabe, Izan zaitez lehena erregistro honi etiketa jartzen!
Thư viện lưu trữ: Trung tâm Học liệu Trường Đại học Cần Thơ
LEADER 00449nam a2200181Ia 4500
001 CTU_82643
008 210402s9999 xx 000 0 und d
082 |a 670.4272 
082 |b D328 
100 |a Deken, Joseph 
245 0 |a Silico sapiens 
245 0 |c Joseph Deken 
260 |a New York 
260 |b Bantam Books 
260 |c 1986 
650 |a Robots 
904 |i Qhieu(sửa) 
980 |a Trung tâm Học liệu Trường Đại học Cần Thơ